000 02560nam a2200313 a 4500
001 BRCA_3049
005 20190320204102.0
008 220109s1777----fr-a---###---#000-0#fre-u
041 _afre
044 _afr
084 _a356
_b.B35
_c1777
100 1 _aCervantes Saavedra, Miguel de
_d1547-1616
_9213
245 1 0 _aHistoire de l´Admirable et incomparable Don Quichotte de la Manche
_cMiguel de Cervantes Saavedra.
260 _aParís
_bBailly
_c1777
300 _a4 v.
_bil.
_c17 cm.
500 _aContenido : v 1. Primera parte. advertencia del editor. Prólogo del autor. Texto. -- v 2. Texto. Segunda parte. -- v 3. Texto. Primera parte de la continuación por el traductor. -- v 4. Segunda parte de la continuación por el traductor
500 _aEdición : Nouvelle edition revue avec soin sur l´Original de Michel de Cervantes, et beaucoup plus correcte que les precedentes
500 _aEn su advertencia dice el librero que esta edición fue revisada con escrupulosa atención por Vacquette dHermilly, traductor de varias obras clásicas española, el cual la purgó de infinitas erratas que se habían deslizado en muchas ediciones anteiores y suprimió varias digresiones prolijas y superfluas. En efecto, el revisor sin encomendarse a Dios ni al diablo, entró a saco por las páginas del Quijote, suprimiando lo que debía respetar y añadiendo lo que estaba vedado a agregar. Entre las supresiones más notables que hizo el flamante revisor mencionaré: la dedicatoria y versos de la primera parte; dedicatoria y prólogo de la segunda; el capítulo IX que están alterados y se narran fuera de lugar: así el episodio de los carneros se cuenta en el capítulo XVII, el del cuerpo muerto, en el XVIII, etc. Pero, la anomalía más grande consiste en que el Quijote auténtico termina en la página 361 del tomo III, empezando en la misma, sin advertencia alguna, la continuación del Quijote de Filleau de Saint-Martin, con lo cual se confunden ambas obras. Está basada en la traducción de este último. Piel; lomeras adornadas con dorados Lúdovik Osterc
500 _aQM277A
546 _aTexto en : francés
650 1 4 _aNovela española
_yÉpoca clásica, 1500-1700
_9215
650 1 4 _aLiteratura española
_yÉpoca clásica, 1500-1700
_9216
650 1 4 _aNovela española
_ySiglo XVII
_9217
650 1 4 _aDon Quijote (Personaje ficticio)
_eNovela
_9218
700 1 _aSaint-Martin, Francois Filleau de
_d1632-1695
_eTraductor
_98368
740 0 _aEl Ingenioso Hidalgo Don Quijote de la Mancha
902 _aQFM
942 _2lcc
_cB
999 _c2785
_d2785